000 00759nam a2200205 i 4500
001 162994
003 ES-MaACL
005 20250816062551.0
008 050707s1895 xxua | |||||||| ||eng d
040 _aCAM
_bspa
_cCAM
100 1 _aRaymond, George Lansing.
_9131628
245 1 0 _aPainting, sculpture and architecture as representative arts
_b: an essay in comparative aesthetics /
_cby George Lansing Raymond.
260 _aNew York ;
_aLondon :
_bG.P. Putnam's sons,
_c1895 (
_fThe Knickerbocker Press)
300 _aXXXIV, 431 p. :
_bil. ;
_c20 cm.
650 7 _aEstética
_2embne
_9142387
752 _aEstados Unidos -
_dNueva York
752 _aGran Bretaña -
_dLondres
852 _aES-MaACL
_jG-10632
_z-- Enc. tela
999 _c162994
_d162994